Billie Eilish - BLUE Lyrics - Statistics

General Stats
  • This quiz has been taken 231 times
  • The average score is 278 of 336
Answer Stats
Answer % Correct
I
99%
(I
99%
a
98%
A
98%
blue
98%
(blue)
98%
to
98%
but
97%
But
97%
(but
97%
so
97%
try
97%
and
96%
And
96%
(and
96%
I'm
96%
(I'm
96%
in
96%
In
96%
black
95%
live
95%
white
94%
you
94%
You
94%
you)
94%
the
91%
we
91%
(we
91%
were
91%
true
90%
true)
90%
of
89%
over
89%
still
89%
it
87%
me
87%
not
87%
(not
87%
say
87%
don't
84%
Don't
84%
(don't
84%
for
84%
thought
84%
bird
83%
same
83%
same)
83%
when
83%
feather
82%
feather)
82%
lie
82%
now
82%
my
81%
told
81%
Birds
80%
(birds
80%
like
80%
Ah-ah
79%
what)
78%
what
78%
cage
77%
I'd
77%
mean
77%
up
77%
your
77%
back
76%
born
76%
Born
76%
Ooh-ooh
76%
Open
76%
than
76%
can
75%
can't
75%
door
75%
mind
75%
bluer
74%
made
74%
that's
74%
butterfly
73%
He
73%
it's
73%
It's
73%
trying
73%
ah)
72%
Ah-ah
72%
(Ah-ah-ah
72%
Ah-ah-ah-ah
72%
best
72%
blame
72%
father's
72%
oxygen
72%
deprived
71%
know
71%
never
71%
oh
71%
Mm
70%
mm
70%
mother's
69%
plans
69%
save
69%
world
69%
anyone
68%
ashamed
68%
eyes
68%
hate
68%
hands
67%
reaching
67%
désolé
66%
mon
66%
rule
66%
what's
66%
with
66%
amour
65%
Beautiful
65%
change
65%
learned
65%
store
65%
Too
65%
too
65%
Victim
65%
Colder
64%
overseas
64%
sympathize
64%
hear
63%
afraid
61%
'bout
60%
could
60%
outside
60%
step
59%
week
59%
need)
57%
sleep
57%
three
57%
Just
56%
night
56%
Paranoid
56%
they
56%
you've
56%
21
55%
each
54%
heard
54%
hours
54%
baby
53%
one?
52%
petrified
52%
only
51%
Means
49%
next
49%
famous
39%
blameless
36%
grew
35%
No matching quizzes found
Score Distribution
Percent of People with Each Score
Percentile by Number Answered
Your Score History
You have not taken this quiz